00797cam a22002771 4500001001300000003000400013005001700017008004100034010001700075035002000092040001800112041001600130042001200146050002100158100003900179245003000218260001100248300002900259440005100288440002600339500005200365650002500417700002800442700003200470999001700502sa 65001849 DLC20260227112112.0900302s1962 ii 000 0 sano  asa 65001849  a(OCoLC)21159810 aDLCcWaUdDLC1 asanhinhsan apremarc00aR127.2b.V3 19620 aVāgbhaṭa,dactive 7th century.10aAṣṭāṅgahr̥dayam. c[1962] a8, 36, 614, 2 p.c25 cm. 0aKāśī Saṃskr̥ta granthamālā ;v150 0aAyurvedavidhāge,v4 aIn Sanskrit, with Hindi translations and notes. 0aMedicine, Ayurvedic.1 aGupta, Atrideva,d1902-1 aUpādhyāya, Yadunandana. c62283d62283